Interný audítor v automobilovom priemysle

Proces zabezpečovania interných audítorov v systéme manažérstva kvality certifikovaného podľa špecifikácie ISO/TS 16949. Úloha, príprava, kvalifikácia a hodnotenie výkonnosti audítorov v praxi.

Salvato in:
Dettagli Bibliografici
Autore principale: Kliment, Juraj
Altri autori: Jančok, Michal, Šolc, Marek
Natura: Capitolo di libro
Lingua:slovacco
Soggetti:
Tags: Aggiungi Tag
Nessun Tag, puoi essere il primo ad aggiungerne!!

MARC

LEADER 00000naa a2200000 4500
001 0210916
005 20231012072750.2
041 0 |a slo 
044 |a SK 
245 1 0 |a Interný audítor v automobilovom priemysle  |c Juraj Kliment, Michal Jančok, Marek Šolc 
520 |a Proces zabezpečovania interných audítorov v systéme manažérstva kvality certifikovaného podľa špecifikácie ISO/TS 16949. Úloha, príprava, kvalifikácia a hodnotenie výkonnosti audítorov v praxi. 
610 2 0 |a audit interný 
610 2 0 |a audítori 
610 2 0 |a certifikácia 
610 2 0 |a kontrola kvality 
610 2 0 |a riadenie kvality 
610 2 0 |a normy kvality 
610 2 0 |a normy ISO 
610 2 0 |a systémy kvality 
610 2 0 |a manažéri 
100 1 |a Kliment, Juraj 
700 1 |a Jančok, Michal 
700 1 |a Šolc, Marek